<?xml version="1.0" encoding="UTF-8"?>
<record
    xmlns:xsi="http://www.w3.org/2001/XMLSchema-instance"
    xsi:schemaLocation="http://www.loc.gov/MARC21/slim http://www.loc.gov/standards/marcxml/schema/MARC21slim.xsd"
    xmlns="http://www.loc.gov/MARC21/slim">

  <leader>00664nam a22001937a 4500</leader>
  <controlfield tag="003">OSt</controlfield>
  <controlfield tag="005">20150408114140.0</controlfield>
  <controlfield tag="008">130921s    2012su ||||g |||| 00| 0 ara d</controlfield>
  <datafield tag="020" ind1=" " ind2=" ">
    <subfield code="a">9789960019352</subfield>
  </datafield>
  <datafield tag="040" ind1=" " ind2=" ">
    <subfield code="a">Mau</subfield>
  </datafield>
  <datafield tag="082" ind1=" " ind2=" ">
    <subfield code="a"> 810.8 </subfield>
    <subfield code="b">&#x641; &#x645; &#x646;</subfield>
  </datafield>
  <datafield tag="100" ind1=" " ind2=" ">
    <subfield code="a">&#x627;&#x644;&#x641;&#x631;&#x64A;&#x62D;&#x60C; &#x645;&#x62D;&#x645;&#x62F; &#x628;&#x646; &#x639;&#x628;&#x62F; &#x627;&#x644;&#x644;&#x647; </subfield>
    <subfield code="9">12895</subfield>
  </datafield>
  <datafield tag="245" ind1=" " ind2=" ">
    <subfield code="a">&#x627;&#x644;&#x646;&#x647;&#x631; &#x627;&#x644;&#x62C;&#x627;&#x631;&#x64A; : </subfield>
    <subfield code="b">&#x62D;&#x643;&#x645; &#x648;&#x631;&#x648;&#x627;&#x626;&#x639; &#x645;&#x646; &#x648;&#x627;&#x642;&#x639; &#x627;&#x644;&#x62D;&#x64A;&#x627;&#x629; / </subfield>
    <subfield code="c">&#x645;&#x62D;&#x645;&#x62F; &#x639;&#x628;&#x62F; &#x627;&#x644;&#x644;&#x647; &#x627;&#x644;&#x641;&#x631;&#x64A;&#x62D;. </subfield>
  </datafield>
  <datafield tag="250" ind1=" " ind2=" ">
    <subfield code="a">&#x637;. 2.</subfield>
  </datafield>
  <datafield tag="260" ind1=" " ind2=" ">
    <subfield code="a">&#x627;&#x644;&#x631;&#x64A;&#x627;&#x636; : </subfield>
    <subfield code="b">&#x645;&#x643;&#x62A;&#x628;&#x629; &#x627;&#x644;&#x639;&#x628;&#x64A;&#x643;&#x627;&#x646;&#x60C; </subfield>
    <subfield code="c">2012 1433. </subfield>
  </datafield>
  <datafield tag="300" ind1=" " ind2=" ">
    <subfield code="a">320 &#x635;. &#x61B;</subfield>
    <subfield code="c"> 22 &#x633;&#x645;. </subfield>
  </datafield>
  <datafield tag="650" ind1=" " ind2=" ">
    <subfield code="a">&#x627;&#x644;&#x623;&#x62F;&#x628; &#x627;&#x644;&#x639;&#x631;&#x628;&#x64A; </subfield>
    <subfield code="x">&#x645;&#x62C;&#x645;&#x648;&#x639;&#x627;&#x62A;</subfield>
  </datafield>
  <datafield tag="942" ind1=" " ind2=" ">
    <subfield code="2">ddc</subfield>
    <subfield code="c">BOOK</subfield>
  </datafield>
  <datafield tag="999" ind1=" " ind2=" ">
    <subfield code="c">30749</subfield>
    <subfield code="d">265249</subfield>
  </datafield>
  <datafield tag="952" ind1=" " ind2=" ">
    <subfield code="1">0</subfield>
    <subfield code="2">2013-09-21</subfield>
    <subfield code="4">0</subfield>
    <subfield code="7">1</subfield>
    <subfield code="a">810.8  &#x641; &#x645; &#x646;</subfield>
    <subfield code="c">1</subfield>
    <subfield code="d">2013-09-21</subfield>
    <subfield code="h">CL</subfield>
    <subfield code="i">00310510</subfield>
    <subfield code="m">CL</subfield>
    <subfield code="r">2013-09-21 00:00:00</subfield>
    <subfield code="t">BOOK</subfield>
    <subfield code="w">ddc</subfield>
    <subfield code="y">0</subfield>
  </datafield>
  <datafield tag="952" ind1=" " ind2=" ">
    <subfield code="1">0</subfield>
    <subfield code="2">2013-10-01</subfield>
    <subfield code="4">0</subfield>
    <subfield code="7">0</subfield>
    <subfield code="a">810.8  &#x641; &#x645; &#x646;</subfield>
    <subfield code="c">2</subfield>
    <subfield code="d">2013-10-01</subfield>
    <subfield code="h">CL</subfield>
    <subfield code="i">00310511</subfield>
    <subfield code="m">CL</subfield>
    <subfield code="q">2016-11-07</subfield>
    <subfield code="r">2016-11-24 00:00:00</subfield>
    <subfield code="t">BOOK</subfield>
    <subfield code="w">ddc</subfield>
    <subfield code="y">2</subfield>
  </datafield>
  <datafield tag="952" ind1=" " ind2=" ">
    <subfield code="1">0</subfield>
    <subfield code="2">2013-10-01</subfield>
    <subfield code="4">0</subfield>
    <subfield code="7">0</subfield>
    <subfield code="a">810.8  &#x641; &#x645; &#x646;</subfield>
    <subfield code="c">3</subfield>
    <subfield code="d">2013-10-01</subfield>
    <subfield code="h">CL</subfield>
    <subfield code="i">00310512</subfield>
    <subfield code="m">CL</subfield>
    <subfield code="r">2013-10-01 00:00:00</subfield>
    <subfield code="t">BOOK</subfield>
    <subfield code="w">ddc</subfield>
    <subfield code="y">0</subfield>
  </datafield>
  <datafield tag="952" ind1=" " ind2=" ">
    <subfield code="1">0</subfield>
    <subfield code="2">2013-10-01</subfield>
    <subfield code="4">0</subfield>
    <subfield code="7">1</subfield>
    <subfield code="a">810.8  &#x641; &#x645; &#x646;</subfield>
    <subfield code="c">1</subfield>
    <subfield code="d">2013-10-01</subfield>
    <subfield code="h">SZM</subfield>
    <subfield code="i">00310513</subfield>
    <subfield code="m">SZM</subfield>
    <subfield code="r">2013-10-01 00:00:00</subfield>
    <subfield code="t">BOOK</subfield>
    <subfield code="w">ddc</subfield>
    <subfield code="y">0</subfield>
  </datafield>
  <datafield tag="952" ind1=" " ind2=" ">
    <subfield code="1">0</subfield>
    <subfield code="2">2013-10-01</subfield>
    <subfield code="4">0</subfield>
    <subfield code="7">0</subfield>
    <subfield code="a">810.8  &#x641; &#x645; &#x646;</subfield>
    <subfield code="c">2</subfield>
    <subfield code="d">2013-10-01</subfield>
    <subfield code="h">SZM</subfield>
    <subfield code="i">00310514</subfield>
    <subfield code="m">SZM</subfield>
    <subfield code="r">2013-10-01 00:00:00</subfield>
    <subfield code="t">BOOK</subfield>
    <subfield code="w">ddc</subfield>
    <subfield code="y">0</subfield>
  </datafield>
  <datafield tag="952" ind1=" " ind2=" ">
    <subfield code="1">0</subfield>
    <subfield code="2">2013-10-01</subfield>
    <subfield code="4">0</subfield>
    <subfield code="7">1</subfield>
    <subfield code="a">810.8  &#x641; &#x645; &#x646;</subfield>
    <subfield code="c">1</subfield>
    <subfield code="d">2013-10-01</subfield>
    <subfield code="h">IC</subfield>
    <subfield code="i">00310515</subfield>
    <subfield code="m">IC</subfield>
    <subfield code="r">2013-10-01 00:00:00</subfield>
    <subfield code="t">BOOK</subfield>
    <subfield code="w">ddc</subfield>
    <subfield code="y">0</subfield>
  </datafield>
  <datafield tag="952" ind1=" " ind2=" ">
    <subfield code="1">0</subfield>
    <subfield code="2">2013-10-01</subfield>
    <subfield code="4">0</subfield>
    <subfield code="7">1</subfield>
    <subfield code="a">810.8  &#x641; &#x645; &#x646;</subfield>
    <subfield code="c">1</subfield>
    <subfield code="d">2013-10-01</subfield>
    <subfield code="h">SRF</subfield>
    <subfield code="i">00310516</subfield>
    <subfield code="m">SRF</subfield>
    <subfield code="q">2018-09-11</subfield>
    <subfield code="r">2018-09-26 00:00:00</subfield>
    <subfield code="t">BOOK</subfield>
    <subfield code="w">ddc</subfield>
    <subfield code="y">3</subfield>
  </datafield>
  <datafield tag="952" ind1=" " ind2=" ">
    <subfield code="1">0</subfield>
    <subfield code="2">2013-10-01</subfield>
    <subfield code="4">0</subfield>
    <subfield code="7">0</subfield>
    <subfield code="a">810.8  &#x641; &#x645; &#x646;</subfield>
    <subfield code="c">2</subfield>
    <subfield code="d">2013-10-01</subfield>
    <subfield code="h">SRF</subfield>
    <subfield code="i">00310517</subfield>
    <subfield code="m">SRF</subfield>
    <subfield code="q">2018-04-09</subfield>
    <subfield code="r">2018-05-13 00:00:00</subfield>
    <subfield code="t">BOOK</subfield>
    <subfield code="w">ddc</subfield>
    <subfield code="y">1</subfield>
  </datafield>
  <datafield tag="952" ind1=" " ind2=" ">
    <subfield code="1">0</subfield>
    <subfield code="2">2013-10-01</subfield>
    <subfield code="4">0</subfield>
    <subfield code="7">1</subfield>
    <subfield code="a">810.8  &#x641; &#x645; &#x646;</subfield>
    <subfield code="c">1</subfield>
    <subfield code="d">2013-10-01</subfield>
    <subfield code="h">SRM</subfield>
    <subfield code="i">00310518</subfield>
    <subfield code="m">SRM</subfield>
    <subfield code="r">2013-10-01 00:00:00</subfield>
    <subfield code="t">BOOK</subfield>
    <subfield code="w">ddc</subfield>
    <subfield code="y">0</subfield>
  </datafield>
  <datafield tag="952" ind1=" " ind2=" ">
    <subfield code="1">0</subfield>
    <subfield code="2">2013-10-01</subfield>
    <subfield code="4">0</subfield>
    <subfield code="7">0</subfield>
    <subfield code="a">810.8  &#x641; &#x645; &#x646;</subfield>
    <subfield code="c">2</subfield>
    <subfield code="d">2013-10-01</subfield>
    <subfield code="h">SRM</subfield>
    <subfield code="i">00310519</subfield>
    <subfield code="m">SRM</subfield>
    <subfield code="r">2013-10-01 00:00:00</subfield>
    <subfield code="t">BOOK</subfield>
    <subfield code="w">ddc</subfield>
    <subfield code="y">0</subfield>
  </datafield>
  <datafield tag="952" ind1=" " ind2=" ">
    <subfield code="1">0</subfield>
    <subfield code="2">2013-10-01</subfield>
    <subfield code="4">0</subfield>
    <subfield code="7">1</subfield>
    <subfield code="a">810.8  &#x641; &#x645; &#x646;</subfield>
    <subfield code="c">1</subfield>
    <subfield code="d">2013-10-01</subfield>
    <subfield code="h">IC</subfield>
    <subfield code="i">00310520</subfield>
    <subfield code="m">IC</subfield>
    <subfield code="r">2013-10-01 00:00:00</subfield>
    <subfield code="t">BOOK</subfield>
    <subfield code="w">ddc</subfield>
    <subfield code="y">0</subfield>
  </datafield>
  <datafield tag="952" ind1=" " ind2=" ">
    <subfield code="1">0</subfield>
    <subfield code="2">2013-10-01</subfield>
    <subfield code="4">0</subfield>
    <subfield code="7">0</subfield>
    <subfield code="a">810.8  &#x641; &#x645; &#x646;</subfield>
    <subfield code="c">2</subfield>
    <subfield code="d">2013-10-01</subfield>
    <subfield code="h">IC</subfield>
    <subfield code="i">00310521</subfield>
    <subfield code="m">IC</subfield>
    <subfield code="r">2013-10-01 00:00:00</subfield>
    <subfield code="t">BOOK</subfield>
    <subfield code="w">ddc</subfield>
    <subfield code="y">0</subfield>
  </datafield>
</record>
